000 00543nam a2200181Ia 4500
005 20250508150405.0
008 008 250505s9999 xx 000 0 eng d
037 _aTextual
040 _aFEDL
_beng
_cFEDL
041 _aeng
_2eng
084 _a371.335, FLA
_qFEDL
100 _aFalconer Vera M
_9756574
245 0 _aFilmstrips : A descriptive index and users' guide
260 _aNew York, USA
_bMcGraw Hill Book Company Inc.
_c1948
300 _axiii, 572p
942 _cTEXL
_h371.335, FLA
999 _c1323375
_d1323375